Statistics for Drake "If You're Reading This It's Too Late" Quiz

Click here to take the quiz!

General Stats

  • This quiz has been taken 242 times
    (158 since last reset)
  • The average score is 10 of 19

Answer Stats

If You're Reading This It's Too Late% Correct
Energy
81%
Legend
78%
Jungle
76%
6 God
66%
Know Yourself
66%
6 Man
61%
10 Bands
60%
Madonna
59%
Star67
56%
6PM in New York
54%
Preach (ft. PARTYNEXTDOOR)
53%
Company (ft. Travi$ Scott)
50%
You & The 6
45%
No Tellin'
44%
Used To (ft. Lil Wayne)
42%
Wednesday Night Interlude (ft. PARTYNEXTDOOR)
39%
Now And Forever
26%
How About Now
6%
My Side
6%

Score Distribution

Percentile by Number Answered

Percent of People with Each Score

Your Score History

You have not taken this quiz since the last reset